Регионална библиотека "Любен Каравелов" - Русе

България малък тигър (Запис номер 33343)

MARC детайли
000 -Лидер
Контролно поле с фиксирана дължина 01598nam a2200361 c 4500
003 - Код на организацията, давaща контролен номер
Контролно поле BLK
005 - Дата и час на последна редакция
Контролно поле 20250128005511.0
008 - Елементи от данни с фиксирана дължина
fixed length control field 180408b bul|||||r ||||||| ||bul||
010 ## - Наследен системен номер
LC control number KNG00036032000
020 ## - Международен стандартен номер на книга ISBN
Международен стандартен номер на книга ISBN 954-88-23-365
-- издат.: Македония прес - (грешен)
020 ## - Международен стандартен номер на книга ISBN
Международен стандартен номер на книга ISBN 954-8823-36-5
-- издат.: Македония прес - (попр.)
040 ## - Източник на каталожния запис
Идентификатор на билиотеката - собственик на записа BLK
041 ## - Код за език
Код за езика на текст/звукозапис или на отделно заглавие Български
Код за езика КДБФ Български
080 ## - УДК
Текстов определител УДК Вътрешна политика. Вж и 329
УДК код - определител по УДК 323
УДК определител .001.18(497.2)
УДК - код + определител 323.001.18(497.2)
080 ## - УДК
Текстов определител УДК Икономическо положение. Конюнктура. Стопанска структура - Развитие. Икономически растеж . Вж и 330.33/.36
УДК код - определител по УДК 338.1
УДК определител .001.18(497.2)
УДК - код + определител 338.1.001.18(497.2)
100 1# - Редна дума - Автор
Автор Хаджи, Михаил К.
Авторска отговорност първи автор
R(LIN) 272915
139 ## - Редно поле
Редна дума Алтънков, Никола Г.
Авторски знак Алт - А 58
245 10 - Сведения за заглавието
Заглавие България малък тигър
Подзаглавни данни Стратегия ХХI век
Редно поле (дума) Михаил К. Хаджи.
257 ## - Страна на издаване
Страна на създаване/издаване България
260 ## - Област на издателските данни
-- София
Име на издателя, разпространителя и проч. Македония прес
Година на издаване 2000
Печатница София : Офсетграфик
300 ## - Физическа характеристика
Страници 128 с.
Размери/Мащаб 21 см
380 ## - Жанр
Жанр Обществени науки
650 #0 - Допълнително описание по предмет – тема
Основно описание – тема или топоним България - вътрешна политика
9 (RLIN) 241559
650 #4 - Допълнително описание по предмет – тема
Основно описание – тема или топоним България - стопанска политика
9 (RLIN) 269884
653 ## - Ключова дума – ненормативна
Ключова дума България
653 ## - Ключова дума – ненормативна
Ключова дума стопанство
852 ## - Местоположение
Форматна сигнатура Цб 208154
856 4# - Електронен адрес и достъп
Електронен формат pdf - файл
Път до файла /url/
856 4# - Електронен адрес и достъп
Електронен формат pdf - файл
Път до файла /url/
942 ## - АРТИКУЛИ
Вид на библиотечния материал Книги
Скрит в OPAC Не
944 ## - СЪЗДАВАНЕ И РЕДАКЦИЯ на ЗАПИСА
Създаване/Редакция Създаване
Дата на регистрацията/редакция 10.03.2003
Служител, извършил регистрацията/редакцията
Статус, дата на статуса CRON CRON
944 ## - СЪЗДАВАНЕ И РЕДАКЦИЯ на ЗАПИСА
Създаване/Редакция Редакция
Дата на регистрацията/редакция 07.11.2003
Служител, извършил регистрацията/редакцията
999 ## - СИСТЕМНИ КОНТРОЛНИ НОМЕРА
Koha biblionumber 33343
Koha biblioitemnumber 33343
Наличности
Код за отписване Код за изгубен артикул Източник на класификационната схема Код за повреда Коз за рестрикции Код за отдаване Артикулен № Име на библиотеката - собственик Име на библиотеката, в която се намира в момента Статус (Текущо местоположение) Дата на вписване в системата Местоположение - отдел Цена в лева Инвентарен номер Систематично азбучна сигнатура Баркод Номер на екземпляра Цена в евро Служебна бележка Служебен тип на артикула
  Не е изгубен Universal Decimal Classification Не е повреден без рестрикции ползва се в читалня 53232 Регионална библиотека "Любен Каравелов" Русе Регионална библиотека "Любен Каравелов" Русе Хранилище 2001-01-01 Хранилище 0.00 664457 Цб 208154 120000664457 1 0.00 Дост: Dp Вид: Д N: 14 Дата: 01.01.2001 Книги
Изтеглен Не е изгубен Universal Decimal Classification Не е повреден без рестрикции заемане за дома 53233 Регионална библиотека "Любен Каравелов" Русе Регионална библиотека "Любен Каравелов" Русе Заемна - подръчен фонд 2003-11-07 Заемна - подръчен фонд 5.30 120000679754 П 323(497.2)/А 58 120000679754 2 2.71 Дост: DA Вид: А N: 25 Дата: 05.11.2003 Дата инв: 02.02.2018 Бележки инв: П2018 Книги
Vip Innovations Ltd, Rousse, Bulgaria 2025